Sports Quiz

Random Sports or Hockey Quiz
Score 0/19 Timer 10:00
0 Plays Today
Year Name % Correct
2009Matt Gilroy
73.9%
2001Ryan Miller
73.9%
1993Paul Kariya
73.9%
1998Chris Drury
60.9%
1999Jason Krog
56.5%
2008Kevin Porter
47.8%
2006Matt Carle
47.8%
2002Jordon Leopold
47.8%
2000Mike Mottau
47.8%
2005Marty Sertich
43.5%
Year Name % Correct
1992Scott Pellerin
43.5%
2003Peter Sejna
39.1%
1997Brendan Morrison
39.1%
2007Ryan Duncan
34.8%
2004Junior Lessard
34.8%
1995Brian Holzinger
34.8%
1991David Emma
34.8%
1996Brian Bonin
26.1%
1994Chris Marinucci
21.7%
Come Together.
Have Fun.
All Virtual.
We all need to come together. Play Sporcle's virtual live trivia to have fun, connect with people, and get your trivia on. Join a live hosted trivia game for your favorite pub trivia experience done virtually. If a virtual private party is more your thing, go here for details.

You're not logged in!

Compare scores with friends on all Sporcle quizzes.
OR
Log In

Sporcle TV

Today on Sporcle TV


Watch our educational content, quiz creation guides, and fun videos on Sporcle TV.

Show Comments

Extras

Top Quizzes Today


Score Distribution

Paid Content

Your Account Isn't Verified!

In order to create a playlist on Sporcle, you need to verify the email address you used during registration. Go to your Sporcle Settings to finish the process.

Report this User

Report this user for behavior that violates our Community Guidelines.

Details: